Statistics for Railway Stations in Surrey (UK)

Click here to take the quiz!

General Stats

  • This quiz has been taken 7 times
  • The average score is 41 of 84

Answer Stats

Answer% Correct
Dorking
83%
Godalming
83%
Guildford
83%
Redhill
83%
Reigate
83%
Woking
83%
Ash
67%
Ash Vale
67%
Bagshot
67%
Betchworth
67%
Camberley
67%
Clandon
67%
Dorking West
67%
Earlswood
67%
Epsom
67%
Epsom Downs
67%
Esher
67%
Farncombe
67%
Frimley
67%
Horley
67%
Leatherhead
67%
London Road
67%
Merstham
67%
Walton-on-Thames
67%
West Byfleet
67%
Weybridge
67%
Worplesdon
67%
Addlestone
50%
Ashford
50%
Banstead
50%
Bookham
50%
Box Hill & Westhumble
50%
Brookwood
50%
Byfleet & New Haw
50%
Caterham
50%
Chertsey
50%
Chilworth
50%
Cobham & Stoke d'Abernon
50%
Dorking Deepdene
50%
Effingham Junction
50%
Egham
50%
Ewell East
50%
Ewell West
50%
Farnham
50%
Gomshall
50%
Hampton Court
50%
Horsley
50%
Kempton Park
50%
Longcross
50%
Milford
50%
North Camp
50%
Oxted
50%
Salfords
50%
Shalford
50%
Shepperton
50%
Staines
50%
Tattenham Corner
50%
Virginia Water
50%
Whyteleafe
50%
Whyteleafe South
50%
Witley
50%
Ashtead
33%
Claygate
33%
Godstone
33%
Haslemere
33%
Hersham
33%
Oxshott
33%
Stoneleigh
33%
Sunbury
33%
Tadworth
33%
Thames Ditton
33%
Upper Halliford
33%
Wanborough
33%
Woldingham
33%
Hinchley Wood
17%
Hurst Green
17%
Kingswood
17%
Lingfield
17%
Upper Warlingham
17%
Chipstead
0%
Dormans
0%
Holmwood
0%
Nutfield
0%
Ockley
0%

Score Distribution

Percentile by Number Answered

Percent of People with Each Score

Your Score History

You have not taken this quiz